书目信息 |
| 题名: |
野史大观
|
|
| 作者: | 王雅轩 主编 ;齐振翚 册主编 | |
| 分册: | 5 | |
| 出版信息: | 沈阳 辽宁人民出版社 1996 |
|
| 页数: | 400页 | |
| 开本: | 20cm | |
| 丛书名: | ||
| 单 册: | ||
| 中图分类: | K204.5 | |
| 科图分类: | ||
| 主题词: | 野史--中国--古代 | |
| 电子资源: | ||
| ISBN: | 7-205-03593-7 | |
| 000 | 00607nam0 2200217 450 | |
| 001 | 1260236952 | |
| 005 | 20121007164435.49 | |
| 010 | @a7-205-03593-7@dCNY15.00 | |
| 100 | @a20020905d1996 em y0chiy0110 ea | |
| 101 | 0 | @achi |
| 102 | @aCN@b210000 | |
| 105 | @ay z 000yy | |
| 200 | 1 | @a野史大观@Aye shi da guan@h5@f王雅轩主编@g齐振翚册主编 |
| 210 | @a沈阳@c辽宁人民出版社@d1996 | |
| 215 | @a400页@d20cm | |
| 606 | 0 | @a野史@y中国@z古代 |
| 690 | @aK204.5@v4 | |
| 701 | 0 | @a王雅轩@Awang ya xuan@4主编 |
| 702 | 0 | @a齐振翚@Aqi zhen hui@4册主编 |
| 801 | 0 | @aCN@bNLC@c20101222 |
| 905 | @a10447@dK204.5@eJY4:5 | |
| 野史大观.5/王雅轩主编/齐振翚册主编.-沈阳:辽宁人民出版社,1996 |
| 400页;20cm |
| ISBN 7-205-03593-7:CNY15.00 |
| ● |
| 相关链接 |
|
|
|
|
正题名:野史大观
索取号:K204.5/JY4:5
 
预约/预借
| 序号 | 登录号 | 条形码 | 馆藏地/架位号 | 状态 | 备注 |
| 1 | 7831664 | 278316644 | 学院路分馆/ [索取号:K204.5/JY4:5] | 在馆 | |
| 2 | 7831665 | 278316653 | 学院路分馆/ [索取号:K204.5/JY4:5] | 在馆 |